Cooperativismo escolar; 1er. curso de formación y actualizacion docente /

Guardado en:
Autor Principal: Donda Italo O
Formato: Libro
Publicado: Bah¡a Blanca : Cooperativa Obrera, 2000
Etiquetas: Agregar Etiqueta
Sin Etiquetas, Sea el primero en etiquetar este registro!
LEADER 00446nam a22001455a 4500
001 CEM.cems010544
005 20060214000000.0
008 130507s2000##################000#0#####d
003 CEMS
082 0 4 |a F334 
100 1 |a Donda Italo O 
245 1 0 |a Cooperativismo escolar; 1er. curso de formación y actualizacion docente / 
260 |a Bah¡a Blanca :  |b Cooperativa Obrera,  |c 2000 
300 |a 29 p.1 
859 |a CEMS  |b BIB. CEMS - 11 de abril  |h F334  |i 3  |p 1775.44  |t Ej.1